<Die> Weltwirtschaft

Enregistré dans:
Détails bibliographiques
Format: Publication en série
Langue:allemand
Publié: Berlin Springer-Verlag 2001
Sujets:
Tags: Ajouter un tag
Pas de tags, Soyez le premier à ajouter un tag!

MARC

LEADER 00000nas2a22000001 4500
001 0007431
005 20230316092331.2
022 |a 0043-2652 
041 0 |a ger 
044 |a DE 
245 1 0 |a <Die> Weltwirtschaft 
264 1 |a Berlin  |b Springer-Verlag  |c 2001 
300 |a 1 zv. 
773 0 |w eu_un_cat*s120288 
610 2 0 |a hospodárstvo svetové 
610 2 0 |a politika hospodárska